000 01717nam a22002657a 4500
999 _c63427
_d63427
003 Ge_BSU
005 20251007170917.0
008 251007s2019 ge ||||| |||| 00| 0 geo d
020 _a9789941958953
041 _ageo
080 _a338.22 : 005.511 შ-66
100 _aშინი, რეიმონდ
_925956
245 _aHBR-ის გზამკვლევი ბიზნესკეისის ასაგებად /
_cრეიმონდ შინი, ემი გალოსთან ერთად; მთარგმნელი ქეთევან ჩართოლანი; სამეცნ. რედაქტორი ანი გაგუა; რედაქტორი ია ვეკუა; დიზაინერი თამარ ჭაბუკიანი.
264 _aთბილისი :
_bბიზნესლიტერატურა,
_c2019.
300 _a171 გვ. :
_bცხრ. ;
_c 22 სმ.
490 _aმეტი, ვიდრე გზამკვლევი
500 _aტერმინთა განმარტება: გვ. 163-164. ინდექსი: გვ. 165-170.
653 _aბიზნესის დაგეგმვა
700 _aგალო, ემი
_eავტორი
_925957
700 _aჩართოლანი, ქეთევან
_eმთარგმნელი
_925958
700 _aგაგუა, ანი,
_eსამეცნ. რედაქტორი
_925951
700 _aვეკუა, ია,
_eრედაქტორი
_921667
700 _aჭაბუკიანი, თამარ
_eდიზაინერი
_925952
942 _2udc
_cᲬᲘᲒᲜᲘ